The Impact of 200 series CB on C & C resistance of solid tire tread compound. Part.1 (Record no. 70748)

MARC details
000 -LEADER
fixed length control field 00435nam a2200157Ia 4500
100 ## - MAIN ENTRY--AUTHOR NAME
Personal name Mahapatra D
245 #4 - TITLE STATEMENT
Title The Impact of 200 series CB on C & C resistance of solid tire tread compound. Part.1
260 ## - PUBLICATION, DISTRIBUTION, ETC. (IMPRINT)
Name of publisher Rubber World
Year of publication 2005
300 ## - PHYSICAL DESCRIPTION
Number of Pages 26-33
650 ## - SUBJECT ADDED ENTRY--TOPICAL TERM
Topical Term Solid tire tread compound
700 ## - ADDED ENTRY--PERSONAL NAME
Personal name Arun B
700 ## - ADDED ENTRY--PERSONAL NAME
Personal name Brindha M
700 ## - ADDED ENTRY--PERSONAL NAME
Personal name Ravichandran K
942 ## - ADDED ENTRY ELEMENTS (KOHA)
Koha item type Journals
Holdings
Withdrawn status Lost status Damaged status Not for loan Home library Current library Shelving location Date acquired Serial Enumeration / chronology Koha item type
      Journals RRII Library RRII Library Rubber chemistry 17/12/2021 Volume 232, Issue 1 Journals